Statistics for Countries Apart From Spain That.....

Click here to take the quiz!

General Stats

  • This quiz has been taken 48 times
  • The average score is 16 of 21

Answer Stats

HintAnswer% Correct
Border FranceMonaco
98%
Border FranceGermany
96%
Border FranceSwitzerland
96%
Border FranceItaly
96%
Border FranceAndorra
96%
Border FranceBelgium
93%
Border FranceLuxembourg
91%
Have A Meditteranean and Atlantic Coast | Hosted either Olympics in 1990sFrance
91%
Hosted either Olympics in 1990sUSA
91%
Have A Meditteranean and Atlantic CoastMorocco
84%
Hosted either Olympics in 1990sJapan
76%
Have 5 Letters and start with SSamoa
73%
Have 5 Letters and start with SSyria
73%
Have Red and Yellow FlagChina
73%
Have 5 Letters and start with SSudan
64%
Hosted either Olympics in 1990sNorway
56%
Have Red and Yellow FlagVietnam
53%
Have Red and Yellow FlagMacedonia
38%
Have Red and Yellow FlagKyrgyzstan
22%
Have Red and Yellow FlagMontenegro
11%

Score Distribution

Percentile by Number Answered

Percent of People with Each Score

Your Score History

You have not taken this quiz